Welcome to the Holygrace Academy Library

Please use search bar below to get started

KALAPORINTE NAATIL (Record no. 6980)

MARC details
000 -LEADER
fixed length control field 00316nam a22001337a 4500
020 ## - INTERNATIONAL STANDARD BOOK NUMBER
ISBN 978-81-226-1166-3
082 ## - DEWEY DECIMAL CLASSIFICATION NUMBER
Classification number 894.812
Item number RAM/K
100 ## - MAIN ENTRY--AUTHOR NAME
Personal name RAMA VARMA, K T
245 ## - TITLE STATEMENT
Title KALAPORINTE NAATIL
260 ## - PUBLICATION, DISTRIBUTION, ETC. (IMPRINT)
Place of publication THRISSUR
Name of publisher CURRENT BOOKS
Year of publication 2013
300 ## - PHYSICAL DESCRIPTION
Number of Pages 136
650 ## - SUBJECT ADDED ENTRY--TOPICAL TERM
Topical Term MALAYALAM TRAVELLOUGE
Geographic subdivision SPAIN
942 ## - ADDED ENTRY ELEMENTS (KOHA)
Koha item type Books
Holdings
Withdrawn status Lost status Collection code Home library Current library Shelving location Date acquired Source of acquisition Cost, normal purchase price Full call number Accession Number Koha item type
    Non-fiction Main Library Main Library NEW SHELF WITH NEW ENTRY 26/10/2023 purchase 100.00 894.812 RAM/K 13159 Books